00638 2200253 4500001002100000005001700021008004100038020001800079035002400097082001000121090002000131100002000151245004800171250001800219260002700237300002300264500002900287650001400316850000900330980001500339985000600354986000900360999001500369YOGYA-0209000006591920090227091842.0 ind  a979-533-066-7 0010-020900000065919 a526.7 a526.7bSet GlT aSETIAWAN, Sandi aGelora relativitas einsteincSandi Setiawan aEd. 1, cet. 1 aYogyakartabAndic1992 avii, 53 hlmc17 cm aBibliografi : hlm. 51-53 aGravitasi aBPAD a03-12-2008 a1 aRuni a93P0040585